| 000 | 00000nam##2200000za#4500 |
| 001 | 9.643003 |
| 003 | CaOODSP |
| 005 | 20210624223953 |
| 007 | cr ||||||||||| |
| 008 | 150407|2009||||xxc|||||o f|0| 0 fre|d |
| 040 | |aCaOODSP|bfre |
| 043 | |an-cn--- |
| 086 | 1 |aEn14-126/2009F-PDF |
| 110 | 1 |aCanada. |bEnvironnement Canada. |
| 245 | 10|aExigences techniques pour les systèmes de stockage souples en tissu (réservoirs souples) |h[ressource électronique] |
| 260 | |aOttawa - Ontario : |bEnvironnement Canada |cLe 17 décembre 2009. |
| 300 | |a27p.|bfigures, glossaire, tableaux |
| 590 | |a14-08-Supp|b2014-04-10 |
| 691 | 07|aIndustrie pétrolière|2gcpds |
| 691 | 07|aPrévention de la pollution|2gcpds |
| 775 | 08|tTechnical requirements for collapsible fabric storage tanks (bladders) |w(CaOODSP)9.698954 |
| 856 | 40|ahttp://publications.gc.ca|qPDF|s186 Ko|uhttps://publications.gc.ca/collections/collection_2014/ec/En14-126-2009-fra.pdf |